LEADER 00976cam0 2200265 450 001 E600200064892 005 20100618091504.0 100 $a20100618d1934 |||||ita|0103 ba 101 $aita 102 $aIT 200 1 $aFlagitium nelle fonti giuridiche romane$econtributo allo studio della terminologia del diritto penale romano$fEdoardo Volterra 210 $aModena$cSoc. Tip. Soliani$d1934 215 $a22 p.$d23 cm 300 $a(mm) 300 $aEstr. da: Archivio giuridico, v. 111, fasc. 1 700 1$aVolterra$b, Edoardo$3A600200058794$4070$0230387 801 0$aIT$bUNISOB$c20100618$gRICA 850 $aUNISOB 852 $aUNISOB$jFondo|Casavola|Opusc$m151048 912 $aE600200064892 940 $aM 102 Monografia moderna SBN 941 $aM 957 $b845$gSi$d151048$hCasavola$rdono$1menle$2UNISOB$3UNISOB$420100618091506.0$520100618091654.0$6menle$aFondo|Casavola|Opusc 996 $aFlagitium nelle fonti giuridiche romane$91702175 997 $aUNISOB LEADER 01812oam 2200517M 450 001 9910716181203321 005 20200213070905.4 035 $a(CKB)5470000002518300 035 $a(OCoLC)1065596043 035 $a(OCoLC)995470000002518300 035 $a(EXLCZ)995470000002518300 100 $a20071213d1926 ua 0 101 0 $aeng 135 $aurcn||||||||| 181 $ctxt$2rdacontent 182 $cc$2rdamedia 183 $acr$2rdacarrier 200 10$aW.F. Morgareidge. March 15, 1926. -- Committed to the Committee of the Whole House and ordered to be printed 210 1$a[Washington, D.C.] :$c[U.S. Government Printing Office],$d1926. 215 $a1 online resource (10 pages) 225 1 $aHouse report / 69th Congress, 1st session. House ;$vno. 557 225 1 $a[United States congressional serial set] ;$v[serial no. 8536] 300 $aBatch processed record: Metadata reviewed, not verified. Some fields updated by batch processes. 300 $aFDLP item number not assigned. 606 $aClaims 606 $aCollecting of accounts 606 $aLost articles 606 $aPostal service 606 $aWar tax stamps 606 $aPostal service$xEmployees 608 $aLegislative materials.$2lcgft 615 0$aClaims. 615 0$aCollecting of accounts. 615 0$aLost articles. 615 0$aPostal service. 615 0$aWar tax stamps. 615 0$aPostal service$xEmployees. 701 $aUnderhill$b Charles Lee$f1867-1946$pRepublican (MA)$01386821 801 0$bWYU 801 1$bWYU 801 2$bOCLCO 801 2$bOCLCQ 906 $aBOOK 912 $a9910716181203321 996 $aW.F. Morgareidge. March 15, 1926. -- Committed to the Committee of the Whole House and ordered to be printed$93440224 997 $aUNINA